000 00312nam a22001457a 4500
008 221018b ||||| |||| 00| 0 eng d
020 _a1591470900
041 _aeng
080 _2volum 40
_a159.9
082 _a159.9
100 _a24.1
101 _apsi
245 _aPsychotherapy
_cWOLF A
942 _2udc
_cBK
999 _c58592
_d58592